000 00466nam a2200181Ia 4500
001 3975
005 20260306145722.0
008 260306t1960||||xx |||||||||||||| ||spa||
041 _aESP
082 _a306.08
_bA184
100 _aAuhofer, Herbert
_eAUT
245 0 _aLänder völker und vulkane:
_b24 kapitel einer weltkunde im atomzeitalter
260 _c1960
300 _a394 páginas :
_c21 cm.
650 _aGEN
654 _aCHU
942 _cLIB
_dJUS
_fJUS
_2ddc
_n
999 _c3975
_d3975